书目信息 |
| 题名: |
工作场所危险化学品速查手册
|
|
| 作者: | 刘易斯 著 ;王绵珍 , 王治明 , 葛晓军 译 | |
| 分册: | ||
| 出版信息: | 北京 化学工业出版社 2008.01 |
|
| 页数: | 460页 | |
| 开本: | 21cm | |
| 丛书名: | ||
| 单 册: | ||
| 中图分类: | TQ086.5-62 | |
| 科图分类: | ||
| 主题词: | 化学品--hua xue pin--危险物品管理--手册 | |
| 电子资源: | ||
| ISBN: | 978-7-5025-9010-9 | |
| 000 | 01430nam0 2200313 450 | |
| 001 | 012008361435 | |
| 005 | 20080611162419.64 | |
| 010 | @a978-7-5025-9010-9@dCNY35.00 | |
| 100 | @a20080611d2008 em y0chiy0120 ea | |
| 101 | 1 | @achi@ceng |
| 102 | @aCN@b110000 | |
| 105 | @ay z 001yy | |
| 106 | @ar | |
| 200 | 1 | @a工作场所危险化学品速查手册@Agong zuo chang suo wei xian hua xue pin su cha shou ce@f(美) R. J. 刘易斯@F(mei)R.J.liu yi si@d= Rapid guide to hazardous chemicals in the workplace@fRichard J.Lewis SR.@g王绵珍, 王治明, 葛晓军等译@Gwang mian zhen,wang zhi ming,ge xiao jun deng yi@zeng |
| 210 | @a北京@c化学工业出版社@d2008.01 | |
| 215 | @a460页@d21cm | |
| 305 | @a据原书第4版译出 | |
| 306 | @a本书中文简体字版由John Wiley & Sons,Inc.授权化学工业出版社独家出版发行 | |
| 320 | @a有索引 | |
| 330 | @a本手册包含750余种危险化学品的基本信息,比如毒物的性质、有害物的卫生标准、职业安全和控制措施等最新研究成果,对有化学危害物质清晰的、准确的描述,使你能快速、容易评价每个物质的职业卫生和安全特性。 | |
| 500 | 10 | @aRapid guide to hazardous chemicals in the workplace@mChinese |
| 606 | 0 | @a化学品@Ahua xue pin@x危险物品管理@j手册 |
| 690 | @aTQ086.5-62@v4 | |
| 701 | 1 | @a刘易斯@Aliu yi si@g(Lewis, Richard J.)@4著 |
| 702 | 0 | @a王绵珍@Awang mian zhen@4译 |
| 702 | 0 | @a王治明@Awang zhi ming@4译 |
| 702 | 0 | @a葛晓军@Age xiao jun@4译 |
| 801 | 0 | @aCN@bQSSK@c20080611 |
| 905 | @b725416-17@dTQ086.5-62@eL716@f2 | |
| 工作场所危险化学品速查手册/(美) R. J. 刘易斯= Rapid guide to hazardous chemicals in the workplace/Richard J.Lewis SR./王绵珍, 王治明, 葛晓军等译.-北京:化学工业出版社,2008.01 |
| 460页;21cm |
| ISBN 978-7-5025-9010-9:CNY35.00 |
| 本手册包含750余种危险化学品的基本信息,比如毒物的性质、有害物的卫生标准、职业安全和控制措施等最新研究成果,对有化学危害物质清晰的、准确的描述,使你能快速、容易评价每个物质的职业卫生和安全特性。 |
| ● |
| 相关链接 |
|
|
|
正题名:工作场所危险化学品速查手册
索取号:TQ086.5-62/L716
 
预约/预借
| 序号 | 登录号 | 条形码 | 馆藏地/架位号 | 状态 | 备注 |
| 1 | 725416 | 207254166 | 自科库501/501自科库 139排4列3层/ [索取号:TQ086.5-62/L716] | 在馆 | |
| 2 | 725417 | 207254175 | 自科库501/501自科库 139排4列3层/ [索取号:TQ086.5-62/L716] | 在馆 |